Deutsche Fußball Profi Ligen - Statistiken

Allgemein
  • Dieses Quiz wurde 223 mal gespielt
  • Das Durchschnittsergebnis liegt bei 9 aus 22
Antwortstatistiken
Hint Antwort % Korrekt
1. Bundesliga
99%
2. 2. Bundesliga
96%
3. 3. Liga
87%
4. Regionalliga Nord
83%
4. Regionalliga West
82%
4. Regionalliga Südwest
79%
4. Regionalliga Nordost
75%
4. Regionalliga Bayern
73%
5. Oberliga Westfalen
26%
5. Hessenliga
23%
5. Oberliga Niedersachsen
23%
5. Oberliga Hamburg
22%
5. Oberliga Niederrhein
20%
5. Oberliga Rheinland-Pfalz/Saar
20%
5. BremenLiga
17%
5. Bayernliga Nord
15%
5. Bayernliga Süd
15%
5. Oberliga Schleswig-Holstein
15%
5. Mittelrheinliga
11%
5. Oberliga NOFV-Nord
5%
5. Oberliga NOFV-Nord
5%
5. Oberliga Baden-Würtemberg
4%
Keine übereinstimmenden Quizze gefunden
Verteilung der Resultate
Anzahl Personen mit jedem Resultat
Perzentil nach korrekt beantworteten Fragen
Ihre Resultats-Entwicklung
Sie haben dieses Quiz noch nicht gespielt